00462nam a2200193Ia 4500008004100000020001800041050001400059100002000073245002400093245002000117260001400137260001100151260000900162300001600171300002700187300001000214440003600224500000800260170918s9999 xx 000 0 und d a9780142411872 bB847 2007 aBrewer, Heather aEight grade bites / cHeather Brewer. aEngland : bSpeal, c2007 a182 pages : bcolored illustration ; c21cm. aThe chronicle of Vladimir Tod ; a780